| 000 | 00555nam a22002057a 4500 | ||
|---|---|---|---|
| 003 | OSt | ||
| 005 | 20220107122845.0 | ||
| 008 | 180906b xxu||||| |||| 00| 0 eng d | ||
| 020 | _a9789386173058 | ||
| 040 | _cIIITMK | ||
| 082 | _a005.82 BOT/H | ||
| 100 |
_a Bothra, Harsh _914845 |
||
| 245 |
_aHacking: _bBe a hacker with ethics |
||
| 260 |
_aNew Delhi, _bKhanna Book Publishing, _c2018. |
||
| 300 | _aviii,191p. | ||
| 650 |
_aETHICAL HACKER _914846 |
||
| 650 |
_aSECURITY RESEARCHER _914847 |
||
| 650 |
_aTECH ENTHUSIAST _914848 |
||
| 942 |
_2ddc _cBK |
||
| 999 |
_c6227 _d6227 |
||